| 000 | 01916nim a2200385 i 4500 | ||
|---|---|---|---|
| 001 | 197287 | ||
| 003 | ES-MaACL | ||
| 005 | 20250828062616.0 | ||
| 007 | ss lsnjlcipnne | ||
| 008 | 140525s1991 sp nnnn |||| 00| spa d | ||
| 040 |
_bspa _cES-MaACL |
||
| 245 | 0 | 4 |
_aLas contradicciones de la teoría marxista original _h[Grabación sonora] : _bciclo "La actualidad del pensamiento crítico" / _cintervienen Jacobo Muñoz y Juan Trías ; presenta Ángel González |
| 260 |
_aMadrid : _bAteneo de Madrid, _c1991 |
||
| 300 |
_a2 casetes (ca. 180 min) : _bson. ; _c11 cm |
||
| 490 | 1 | _3Actos culturales en el Ateneo de Madrid | |
| 511 | _aParticipan: Jacobo Muñoz, catedrático de Filosofía en la Universidad Complutense de Madrid, y Juan Trías, profesor de Historia de las Ideas Políticas en la Universidad Complutense de Madrid. Presenta Ángel González, vicepresidente de la Sección de Filosofía del Ateneo de Madrid | ||
| 518 | _aGrabado el 26 de febrero de 1991 en el Salón de Actos del Ateneo de Madrid. | ||
| 520 | _aSegunda conferencia del ciclo La actualidad del pensamiento critico titulada Las contradicciones de la teoría marxista original. | ||
| 540 | _aDocumento inédito | ||
| 594 | _5Datos basados en la invitación. | ||
| 610 | 2 | 0 |
_aAteneo de Madrid- _xActos culturales- _y1991- _vGrabaciones sonoras _9240452 |
| 650 | 4 |
_914803 _aMarxismo |
|
| 653 | _aArchivo de la palabra | ||
| 655 | 0 |
_aConferencias _9234444 |
|
| 700 | 1 |
_9137824 _aMuñoz, Jacobo _eora |
|
| 700 | 0 |
_9111384 _aTrías Vejarano, Juan _eora |
|
| 700 | 1 |
_aGonzález Álvarez, Ángel, _d1916-1991 _epres _958414 |
|
| 710 | 2 |
_aAteneo de Madrid. _bSección de Filosofía _91992 |
|
| 830 | 0 |
_aActos culturales en el Ateneo de Madrid _9240237 |
|
| 852 |
_aES-MaACL _cDEPOZ _9205543 |
||
| 852 |
_aES-MaACL _cDEPOZ _9205544 |
||
| 942 |
_2udc _n0 _cCINTASAUD |
||
| 999 |
_c197287 _d197287 |
||